| 000 | 01179nac a22002411u 4500 | ||
|---|---|---|---|
| 008 | 120111s2003 nyu||||| |||| 001 0 eng d | ||
| 010 | _a2002044990 | ||
| 020 | _a0199260583 | ||
| 082 | 0 | 0 |
_a327.1 _bJAC _222 |
| 100 |
_aJackson, Robert H. _928298 |
||
| 245 | 1 | 0 |
_aIntroduction to international relations : _btheories and approaches / _cRobert Jackson, Georg Sørensen. |
| 250 | _aRev. and expanded 2nd ed. | ||
| 260 |
_aOxford ; _aNew York : _bOxford University Press, _c2003. |
||
| 300 |
_axvii, 336 p. : _bill. ; _c25 cm. |
||
| 504 | _aIncludes bibliographical references (p. [295]-311) and index. | ||
| 650 | 0 |
_aInternational relations. _928299 |
|
| 650 | 0 |
_aInternational relations _xPhilosophy. _928300 |
|
| 700 | 1 |
_aSørensen, Georg, _d1948- _928301 |
|
| 856 | 4 | 2 |
_3Publisher description _uhttp://www.loc.gov/catdir/enhancements/fy0613/2002044990-d.html |
| 856 | 4 | 2 |
_3Table of contents only _uhttp://www.loc.gov/catdir/enhancements/fy0613/2002044990-t.html |
| 942 |
_cBB _k327.1J124 _2ddc |
||
| 999 |
_c1490 _d1490 |
||